000 00379nam a2200157Ia 4500
003 Ost
005 20260225132555.0
008 260225s9999||||xx |||||||||||||| ||und||
040 _cfsic
041 _afre
082 _a440
100 _aFrédéric Barbier
_eAuteur
245 0 _aHistoire des médias de diderot à internet /
245 0 _cFrédéric Barbier
942 _cكتاب
999 _c34368
_d34368